000 00770nam a2200241 a 4500
001 BRCA_4800
005 20190320204818.0
008 010305s2000 sp-#######---#000-0dspa-#
020 _a8488333412
041 _aspa
044 _asp
050 4 _aPQ6351
_b.C36 2000
100 1 _aCanavaggio, Jean
_912158
245 1 0 _aCervantes, entre vida y creación
_cJean Canavaggio.
260 _aEspaña
_bCentro de Estudios Cervantinos
_c2000
300 _a253 p.
_c22 cm.
440 0 _aBiblioteca de Estudios Cervantinos
_v7
_912159
504 _aIncluye referencias bibliográficas
600 1 4 _aCervantes Saavedra, Miguel de
_d1547-1616
_xCrítica e interpretación
_912160
650 1 4 _aLiteratura moderna
_xHistoria y crítica
_912161
902 _aCERV
942 _2lcc
_cB
999 _c4497
_d4497